Durgapur barrage and canals: (Record no. 508346)

000 -LEADER
fixed length control field 00274nam a22000977a 4500
082 ## - DEWEY DECIMAL CLASSIFICATION NUMBER
Classification number U61 DVC
100 ## - MAIN ENTRY--PERSONAL NAME
Personal name West Bengal. Damodar Valley Corporation
9 (RLIN) 3634
245 ## - TITLE STATEMENT
Title Durgapur barrage and canals:
Remainder of title a souvenir
260 ## - PUBLICATION, DISTRIBUTION, ETC. (IMPRINT)
Place of publication, distribution, etc Calcutta
Name of publisher, distributor, etc Sree Saraswaty Press
Date of publication, distribution, etc 1955
300 ## - PHYSICAL DESCRIPTION
Extent v.p.
Holdings
Withdrawn status Lost status Source of classification or shelving scheme Damaged status Koha normalized classification for sorting Not for loan Permanent location Current location Date acquired Full call number Barcode Date last seen Price effective from Koha item type
        U_61_000000000000000_DVC   Indian Institute of Public Administration Indian Institute of Public Administration 2019-03-20 U61 DVC GG33272 2019-03-20 2019-03-20 GG

Powered by Koha